000 nam a22 7a 4500
999 _c53173
_d53173
003 OSt
005 20220718163305.0
008 220718b xxu||||| |||| 00| 0 eng d
040 _cIIMT UNIVERSITY MEERUT
100 _aKAPOOR, MAURYA
245 _aMECHANICS OF SOLID
260 _bBHARAT BHARTI
300 _a393
942 _2ddc
_c09